00492nam a2200193 a 4500001001300000003000900013005001700022008004100039020001000080082001500090100002200105245001700127260005000144300000900194500003500203505002700238650001100265700002200276nice12345678IN_TiNIC20260116011435.0050524s1927 laha grp 000 0 per  ac10000a297.4bJAM aJami, Abdur Raman aNafhatul Ins aLahorebShaikh Ilahi Bakhsh Book Sellerc1927 a435p aincludes index and biblioraphy2 a3 vols. bound together aSufism1 aJami, Abdur Raman